000 00526nam a2200181Ia 4500
008 240925s9999 xx 000 0 und d
020 _a8176565288
082 _a005.1333 MIC
100 _aMicrosoft - -
245 0 _aVisual Basic Programmer's Guide: programming system for windows
250 _aNA
260 _aNew York:
_bMicrosoft Inc
_c,1997.
300 _axvii,982p.
_bNA
_fOriginal
500 _aIncludes Index
600 _aComputer Science
650 _aComputer science, information & general works
942 _cBK
999 _c4594
_d4594